| 000 | 00615nam a22001817a 4500 | ||
|---|---|---|---|
| 003 | 0 | ||
| 005 | 20230616153236.0 | ||
| 008 | 230616b xxu||||| |||| 00| 0 eng d | ||
| 020 | _a978-971-630-187-8 | ||
| 082 |
_aFil. 398.209599 _b.Cr955 2014 |
||
| 245 |
_aKung bakit ang pinya ay may isandaang mata at iba pang kuwentong bayan ukol sa mga prutas _cCruz, Neni Sta. Romana |
||
| 260 |
_aMakati City _bTahanan Books for Young Readers _cc2014 |
||
| 300 |
_a55pp. _bill. _c25cm. |
||
| 500 | _aTales-Philippines. | ||
| 500 | _aFolk literature,Filipino. | ||
| 500 | _aChildren's stories, Filipino | ||
| 942 |
_2ddc _cBK |
||
| 999 |
_c364993 _d364993 |
||